Úspešné podnikanie

V r. 1995 vyšla publikácia E. Šúbertovej (EU) Úspešné podnikanie, ktorá sa zaoberá družstevníctvom doma a v zahraničí. Teoretické vymedzenie družstevníctva. Charakteristika družstevníctva. Vývoj a podmienky rozvoja družstevníctva na Slovensku.

Guardado en:
Detalles Bibliográficos
Autor principal: Szarková, Miroslava, 1951-
Formato: Capítulo de libro
Lenguaje:eslovaco
Materias:
Etiquetas: Agregar Etiqueta
Sin Etiquetas, Sea el primero en etiquetar este registro!

MARC

LEADER 00000naa a2200000 4500
001 r021771
005 20240502071327.8
041 0 |a slo 
044 |a SK 
245 1 0 |a Úspešné podnikanie  |c Miroslava Szarková 
520 |a V r. 1995 vyšla publikácia E. Šúbertovej (EU) Úspešné podnikanie, ktorá sa zaoberá družstevníctvom doma a v zahraničí. Teoretické vymedzenie družstevníctva. Charakteristika družstevníctva. Vývoj a podmienky rozvoja družstevníctva na Slovensku. 
610 2 0 |a recenzie 
610 2 0 |a podnikanie 
610 2 0 |a družstevníctvo 
610 2 0 |a svet 
610 2 0 |a Slovensko 
610 2 0 |a história 
100 1 |a Szarková, Miroslava, 1951-